ระบบห้องสมุดอัตโนมัติ ULibM
วิทยาลัยพยาบาลบรมราชชนนี พระพุทธบาท
เปลี่ยนเป็นภาษาไทย

Change to English
 แสดงรายละเอียดบรรณานุกรม
  กลับหน้าหลัก

Brief Record : Get Marc (ISO 2709) : E-mail record : QR code ปิดหน้าต่าง
E-books : เกี่ยวกับ Collections
LEADER 00000nam 2200000uu 4500
001    13399122276
003     ULIBM
008    091155s2545 th a 000 0 tha d
020    9742944938
100    กฤษดา แสวงดี
245    แนวทางการจัดอัตรากำลังทางการพยาบาล
250    พิมพ์ครั้งที่ 1
260    กรุงเทพฯ :^bสำนักงานปลัดกระทรวงสาธารณสุข,^c2545
300    80 หน้า
650    พยาบาล.^xการพยาบาล.
945    ^p0^l0^i012755
999    ^aน.ส.สุพรรษา เริงรื่น
รายการนี้ยังไม่มีแท็ก
คุณยังไม่ได้ล็อกอิน คุณสามารถมีกิจกรรมร่วมกับเว็บไซต์ได้ แต่ต้องล็อกอินก่อน ::
  ล็อกอิน
ไม่มีไอเทมให้บริการ
ไม่มีไอเทมให้บริการ
รายการใกล้เคียง
    ผู้แต่ง [กฤษดา แสวงดี]

Bib 13399122276